Rise and Decline of Muslim Ummah .......\ (Record no. 532677)
[ view plain ]
| 000 -LEADER | |
|---|---|
| fixed length control field | 00423nam a22001697a 4500 |
| 003 - CONTROL NUMBER IDENTIFIER | |
| control field | NUST |
| 005 - DATE AND TIME OF LATEST TRANSACTION | |
| control field | 20191128094313.0 |
| 008 - FIXED-LENGTH DATA ELEMENTS--GENERAL INFORMATION | |
| fixed length control field | 191127b ||||| |||| 00| 0 eng d |
| 027 ## - STANDARD TECHNICAL REPORT NUMBER | |
| Qualifying information | B07C88JRXW |
| 038 ## - RECORD CONTENT LICENSOR | |
| Staff Name | MSOHAIL |
| 082 ## - DEWEY DECIMAL CLASSIFICATION NUMBER | |
| Classification number | 297 ISR |
| 100 ## - MAIN ENTRY--PERSONAL NAME | |
| Personal name | Dr. Israr Ahmed |
| 9 (RLIN) | 26279 |
| 245 ## - TITLE STATEMENT | |
| Title | Rise and Decline of Muslim Ummah .......\ |
| 260 ## - PUBLICATION, DISTRIBUTION, ETC. | |
| Place of publication, distribution, etc. | Lahore |
| Name of publisher, distributor, etc. | Markazi Anjuman |
| Date of publication, distribution, etc. | c2011 |
| 300 ## - PHYSICAL DESCRIPTION | |
| Extent | p; 44 |
| 942 ## - ADDED ENTRY ELEMENTS (KOHA) | |
| Source of classification or shelving scheme | |
| Koha item type | Book |
| Withdrawn status | Lost status | Source of classification or shelving scheme | Damaged status | Not for loan | Permanent Location | Current Location | Date acquired | Total Checkouts | Full call number | Barcode | Date last seen | Date last checked out | Price effective from | Koha item type |
|---|---|---|---|---|---|---|---|---|---|---|---|---|---|---|
| School of Civil and Environmental Engineering (SCEE) | School of Civil and Environmental Engineering (SCEE) | 11/28/2019 | 1 | 297 ISR | NIT-12547 | 03/28/2022 | 01/04/2022 | 11/28/2019 | Book |
